000 00557nam a2200205Ia 4500
003 GCL
008 140319s9999 xx 000 0 ara d
040 _aGCL /
_cGCL
082 0 4 _aط
_b784.71
_bا ن
100 1 _aاسماعيل عبدالفتاح
245 1 0 _aالنشيد الوطنى /
_cاسماعيل عبدالفتاح
300 _a31 ص
490 _aسلسلة رموز مصرية
_v0
650 0 4 _aالعلم
650 0 4 _aالاطفال
650 0 4 _aالاهرام
650 0 4 _aالوطن
650 0 4 _aاساطير
942 _2ddc
_cBK
999 _c51483
_d51483